[Event "DEN-ch Kort 1-1"]
[Site "Svendborg"]
[Date "2018.03.25"]
[Round "3"]
[White "Jepsen, Ruben"]
[Black "Vedso, Michael"]
[Result "1-0"]
[WhiteElo "1599"]
[BlackElo "1672"]
[PlyCount "103"]
[EventDate "2018.03.24"]
[EventType "swiss"]
[EventRounds "5"]
[EventCountry "DEN"]
[SourceTitle "EXT 2019"]
[Source "ChessBase"]
[SourceDate "2018.10.10"]
[SourceVersion "1"]
[SourceVersionDate "2018.10.10"]
[SourceQuality "1"]

1. Nf3 d5 2. g3 Nf6 3. Bg2 c5 4. 0-0 e6 5. d3 Nc6 6. Nbd2 Be7 7. e4 dxe4 8. dxe4 0-0 9. c3 Qc7 10. Qe2 e5 11. Re1 a6 12. Nf1 b5 13. h4 Bg4 14. N1h2 Be6 15. Ng5 Bc4 16. Qf3 h6 17. Nh3 Rad8 18. Ng4 Nxg4 19. Qxg4 Be6 20. Qh5 Qd7 21. Bf3 Bxh3 22. g4 Qd3 23. Be3 Qd7 24. Qf5 Qxf5 25. exf5 c4 26. Kh2 Bxg4 27. Bxg4 Bxh4 28. Rad1 Bg5 29. Bxg5 hxg5 30. Bf3 Rxd1 31. Rxd1 Rd8 32. Rxd8+ Nxd8 33. Bd5 Kf8 34. Kg3 Ke7 35. Kf3 Kd6 36. Ke4 f6 37. b3 cxb3 38. axb3 Nc6 39. b4 Kc7 40. Kd3 Kb6 41. Ke4 Ne7 42. c4 bxc4 43. Bxc4 a5 44. bxa5+ Kxa5 45. Be6 Kb4 46. Kd3 Kc5 47. Ke4 Nc6 48. Kd3 Nd4 49. Ke4 Nxe6 50. fxe6 Kd6 51. Kf5 g6+ 52. Kxf6 1-0